Polskie Siły Powietrzne - Statystyki

Ogólne statystyki
  • Ten quiz został rozwiązany 13 razy
  • Średni wynik to 9 z 16
Statystyki odpowiedzi
Obrazkowy Odpowiedź % Poprawnych
F-16
92%
F-35
92%
Mi-8
75%
Mig-29
75%
C-130
67%
Mi-2
67%
Mi-17
58%
C-295
50%
FA-50
50%
M-28
50%
M-346
50%
PZL-130
50%
W-3
50%
MQ-9
33%
SW-4
25%
Saab 340
17%
Nie znaleziono quizów pasujących do podanych kryteriów
Rozkład punktacji
Procent ludzi z każdym wynikiem
Percentyl według liczby udzielonych odpowiedzi
Twoja historia wyników
Nie rozwiązałeś tego quizu